000 00471nam a2200157 4500
001 138301
003 ES-MaACL
005 20230906195536.0
007 t|
008 070214s1946 sp r ||||1| spa d
100 1 _aSanchís Candela, Ramón.
_9103011
245 1 0 _aLengua alemana
_b: (segundo curso) /
_cpor Ramón Sanchís Candela.
260 _aAlicante :
_b[s. n.],
_c1946 (
_fGráf. Gutenberg)
300 _a199 p. ;
_c21 cm.
852 _aES-MaACL
_jC-4500
_bR.24340
999 _c138301
_d138301